Обыкновенные дифференциальные уравнения: учебное пособие

Opis bibliograficzny
1. autor: Понтрягин Л. С. Лев Семенович
Język:rosyjski
Wydane: Москва, Наука, 1982
Wydanie:5-е изд.
Hasła przedmiotowe:
Format: Książka
KOHA link:https://koha.lib.tpu.ru/cgi-bin/koha/opac-detail.pl?biblionumber=34898

MARC

LEADER 00000nam0a2200000 4500
001 34898
005 20231030231724.0
035 |a (RuTPU)RU\TPU\book\35312 
035 |a BOOK00001964 
090 |a 34898 
100 |a 20011210d1982 m y0rusy50 ca 
101 0 |a rus 
102 |a RU 
105 |a y j 000zy 
200 1 |a Обыкновенные дифференциальные уравнения  |e учебное пособие  |f Л. С. Понтрягин 
205 |a 5-е изд. 
210 |a Москва  |c Наука  |d 1982 
215 |a 331 с. 
451 1 |0 (RuTPU)RU\TPU\book\35311  |t Обыкновенные дифференциальные уравнения  |o учебное пособие  |e 4-е изд.  |c М.  |n Наука  |d 1974  |p 331 с.  |a Понтрягин, Лев Семенович 
610 1 |a дифференциальные уравнения 
610 1 |a линейные уравнения 
610 1 |a теоремы 
610 1 |a устойчивость 
610 1 |a линейная алгебра 
610 1 |a учебные пособия 
675 |a 517.91(075.8)  |v 3 
700 1 |a Понтрягин  |b Л. С.  |g Лев Семенович 
801 0 |a RU  |b 63413507  |c 20011210  |g PSBO 
801 2 |a RU  |b 63413507  |c 20150831  |g PSBO 
900 |a Дифференциальные уравнения 
942 |c BK